| 000 | 00620nam a2200181 i 4500 | ||
|---|---|---|---|
| 001 | 133888 | ||
| 003 | ES-MaACL | ||
| 005 | 20230906194544.0 | ||
| 007 | t| | ||
| 008 | 070903s1945 sp ||||1| spa d | ||
| 100 | 1 |
_aWright, Samson. _9117422 |
|
| 245 | 1 | 0 |
_aFisiología aplicada / _cpor Samson Wright ; traducción de la 7ª edición inglesa por José González-Campo de Cos. |
| 260 |
_aBarcelona : _bManuel Marín, _c1945 ( _fGarrot) |
||
| 300 |
_aXXIII, 834 p. : _bil. ; _c23 cm. |
||
| 650 | 4 |
_aFisiología humana. _912890 |
|
| 700 | 1 |
_aGonzález-Campo de Cos, José. _958488 |
|
| 852 |
_aES-MaACL _jC-4216 _bR.23944 |
||
| 999 |
_c133888 _d133888 |
||